| 000 | 00596nam a22001937a 4500 | ||
|---|---|---|---|
| 003 | AM-YeHGA | ||
| 005 | 20250617154109.0 | ||
| 008 | 180517s2016 srp||||| |||| 00| 0 rus d | ||
| 020 | _a9788653102023 | ||
| 040 | _aAM-YeHGA | ||
| 041 | 0 | _asrp | |
| 100 | 1 | _aАнhелковиh, Милан | |
| 245 | 1 | 0 |
_aЖивотопис Наде / _cМилан Анhелковиh ; Edt. Чигоja Жарко,Живановиh Андриjана . |
| 260 |
_aБеоград : _bЧигоja штампа, _c2016. |
||
| 300 | _a76 p. | ||
| 650 | 1 | 4 | _aSerbian literature |
| 942 |
_2udc _cBK |
||
| 090 | _c406954 | ||
| 999 |
_c404713 _d404713 |
||